Score 0/15 Timer 06:00
5 Plays Today
Death Character % Correct
Shot in Crime Alley in front of their only sonThomas and Martha Wayne
93.8%
Beaten to death by Doomsday after a long battle that leveled MetropolisSuperman
87.7%
Beaten by the Joker with a crowbar & left to suffer a time bomb explosionJason Todd
80.1%
Died during the explosion of Krypton, sacrificing themselves to send their son to EarthJor-El and Lara
77%
Sacrificed himself to destroy the Anti-Monitor's weapon in the Crisis on Infinite EarthsBarry Allen
59.1%
Destroys himself to stop the Sun-Eater while under the influence of ParallaxHal Jordan
48.3%
Sacrificed herself to help stop the Anti-Monitor in the Crisis on Infinite EarthsSupergirl
46.7%
Vaporized in the snow by Dr. ManhattanRorschach
45.1%
Death Character % Correct
Hit by Darkseid's Omega Beam as he shoots DarkseidBatman
39%
Had his neck snapped by Bane in front of Damien WayneAlfred Pennyworth
32.2%
Shot in the head by Maxwell LordTed Kord
22.7%
Kicked to death by the RoguesBart Allen
20.7%
Given an aneurysm and then burned by Jean LoringSue Dibny
17.9%
Sacrifices himself to detonate a bomb on a plane headed for MetropolisGreen Arrow
12.6%
Murdered by Libra with a spear-tipped staff in front of the Secret Society of Super-VillainsMartian Manhunter
9.1%
Remove Ads.
Support Sporcle.
Get the best of Sporcle when you Go Orange. This ad-free experience offers more features, more stats, and more fun while also helping to support Sporcle. Thank you for becoming a member.

You're not logged in!

Compare scores with friends on all Sporcle quizzes.
OR
Log In

Show Comments

Extras

Top Quizzes Today


Score Distribution

Your Account Isn't Verified!

In order to create a playlist on Sporcle, you need to verify the email address you used during registration. Go to your Sporcle Settings to finish the process.

Report this User

Report this user for behavior that violates our Community Guidelines.

Details: